000 00694nam a2200289Ia 4500
005 20260324130218.0
008 008 260324s9999 xx 000 0 eng d
020 _a9780203937457
037 _aEBOOK
040 _aCRL
040 _beng
040 _cCRL
041 _2eng
041 _aeng
084 _qCRL
100 _aTerrell Carver; Samuel A. Chambers
_91180927
245 0 _aJudith Butler's Precarious Politics
245 0 _bCritical Encounters
260 _bTaylor and Francis
260 _c2008
365 _a
365 _b265
856 _uhttp://www.taylorfrancis.com/books/9780203937457
942 _cEBOOK
999 _c1776903
_d1776903